Distinción a tres funcionarios del cuerpo de policia
Publicado:
San Jorge, núm. 73 ( 1r trimestre 1969), pàg 82 :
MARC
| LEADER | 00000nam a2200000Ia 4500 | ||
|---|---|---|---|
| 001 | |||
| 008 | 160829s9999 xx 000 0 cat d | ||
| 245 | |a Distinción a tres funcionarios del cuerpo de policia | ||
| 260 | |a San Jorge, núm. 73 ( 1r trimestre 1969), pàg 82 | ||
| 650 | |a Creu del mèrit policial |9 40226 | ||
| 650 | |a Torras Rovira, Carlos |9 40227 | ||
| 650 | |a Martínez Cos-Gayón, Fernando I |9 40228 | ||
| 650 | |a López Rejón, Antonio |9 40229 | ||
| 650 | |a Muller i d'Abadal, Josep M. | ||
| 901 | |a Arxiu | ||
| 942 | |n 1 | ||
| 952 | |0 0 |1 0 |4 0 |7 1 |9 49507 |a Arxiu |b Arxiu |d 2016-12-01 |l 0 |r 2016-12-01 00:00:00 |w 2016-12-01 |y ARXIU | ||
| 999 | |c 53349 |d 53349 | ||